[Event "Thüringenliga 2024/25"]
[Site "?"]
[Date "2024.12.08"]
[Round "4.4"]
[White "Rohmeiß, Roberto"]
[Black "Zeidler, Andreas"]
[Result "0-1"]
[WhiteElo "1970"]
[BlackElo "1996"]
[PlyCount "116"]
[EventDate "2024.09.15"]
[EventType "team-tourn"]
[EventRounds "9"]
[WhiteTeam "TSG Apolda"]
[BlackTeam "SV 1861 Liebschwitz"]

1. d4 d5 2. c4 e6 3. Nf3 c6 4. e3 Nf6 5. Nc3 Nbd7 6. Bd3 dxc4 7. Bxc4 b5 8. Be2 Bb7 9. O-O a6 10. a3 c5 11. dxc5 Bxc5 12. b4 Be7 13. Bb2 O-O 14. Qb3 Rc8 15. Rac1 Nd5 16. Rfd1 Bf6 17. Ne4 Bxb2 18. Qxb2 Nxe3 19. fxe3 Bxe4 20. Ne5 Qf6 21. Rxd7 Rxc1+ 22. Qxc1 Qxe5 23. Ra7 Qd6 24. Qc5 Qd2 25. Bf1 Qd1 26. Qd4 Qxd4 27. exd4 Ra8 28. Rc7 g5 29. Kf2 Kg7 30. Ke3 Bd5 31. g3 h6 32. Be2 Kg6 33. Bd3+ f5 34. Be2 Rf8 35. Bd3 Rf7 36. Rc8 Bb7 37. Re8 Kf6 38. Rh8 Kg7 39. Re8 Bd5 40. Rd8 h5 41. Rd6 f4+ 42. gxf4 Rxf4 43. Rxa6 Rf3+ 44. Ke2 Rh3 45. Bxb5 Rxh2+ 46. Kf1 g4 47. Ra7+ Kf6 48. Be8 h4 49. Rf7+ Kg5 50. b5 g3 51. Rg7+ Kf4 52. b6 Rb2 53. a4 Rxb6 54. Bb5 h3 55. Rf7+ Ke3 56. Rg7 Kf4 57. Rf7+ Ke4 58. Rg7 h2 0-1

[Event "Thüringenliga 2024/25"]
[Site "?"]
[Date "2024.12.08"]
[Round "4.5"]
[White "Biel, Maik"]
[Black "Kroh, Christian"]
[Result "1/2-1/2"]
[WhiteElo "1959"]
[BlackElo "1808"]
[PlyCount "33"]
[EventDate "2024.09.15"]
[EventType "team-tourn"]
[EventRounds "9"]
[WhiteTeam "SV 1861 Liebschwitz"]
[BlackTeam "TSG Apolda"]

1. d4 Nf6 2. c4 e6 3. Nc3 d5 4. Bg5 Be7 5. e3 O-O 6. Nf3 Nbd7 7. Rc1 c6 8. Bd3 dxc4 9. Bxc4 Nd5 10. Bxe7 Qxe7 11. O-O Nxc3 12. Rxc3 e5 13. dxe5 Nxe5 14. Nxe5 Qxe5 15. Qb3 Qe7 16. Rd1 Bf5 17. f3 1/2-1/2

[Event "Thüringenliga 2024/25"]
[Site "?"]
[Date "2024.12.08"]
[Round "4.6"]
[White "Maiwald, Harald"]
[Black "Meissner, Steffen"]
[Result "1-0"]
[WhiteElo "1913"]
[BlackElo "1784"]
[PlyCount "109"]
[EventDate "2024.09.15"]
[EventType "team-tourn"]
[EventRounds "9"]
[WhiteTeam "TSG Apolda"]
[BlackTeam "SV 1861 Liebschwitz"]

1. Nf3 Nf6 2. g3 d5 3. Bg2 Bf5 4. O-O c6 5. d3 h6 6. Nbd2 e6 7. Qe1 Bh7 8. e4 Be7 9. Qe2 a5 10. a4 Na6 11. b3 Nb4 12. Ne1 dxe4 13. dxe4 O-O 14. Bb2 Qc7 15. Nc4 Nd7 16. Rd1 Rad8 17. Nd3 Nxd3 18. Rxd3 Bf6 19. Ba3 c5 20. Qd2 Ne5 21. Rxd8 Rxd8 22. Qxa5 Qxa5 23. Nxa5 b6 24. f4 bxa5 25. fxe5 Be7 26. Bc1 Bg5 27. Kf2 Bxc1 28. Rxc1 Rd2+ 29. Kf3 Kf8 30. Bf1 Rxh2 31. Ke3 Rh1 32. Rd1 Rh5 33. Kf4 Ke7 34. Bb5 g5+ 35. Kf3 Rh2 36. Rd7+ Kf8 37. Bd3 h5 38. Ra7 h4 39. gxh4 gxh4 40. Rxa5 Bg6 41. Kg4 Kg7 42. Rxc5 Kh6 43. a5 Bh5+ 44. Kf4 Rf2+ 45. Ke3 Rf3+ 46. Kd4 h3 47. a6 h2 48. a7 h1=Q 49. a8=Q Qe1 50. Qa5 Qe3+ 51. Kc4 Bg6 52. Qd8 Bxe4 53. Qh4+ Kg7 54. Bxe4 Rf4 55. Qg5+ 1-0

[Event "Thüringenliga 2024/25"]
[Site "?"]
[Date "2024.12.08"]
[Round "4.7"]
[White "Müller, Gunther"]
[Black "Walther, Cliff"]
[Result "1/2-1/2"]
[WhiteElo "1724"]
[BlackElo "1989"]
[PlyCount "31"]
[EventDate "2024.09.15"]
[EventType "team-tourn"]
[EventRounds "9"]
[WhiteTeam "SV 1861 Liebschwitz"]
[BlackTeam "TSG Apolda"]

1. c4 Nf6 2. Nc3 g6 3. g3 Bg7 4. Bg2 O-O 5. Nf3 d5 6. cxd5 Nxd5 7. O-O Nc6 8. d4 Nb6 9. e3 a5 10. a3 Be6 11. Na4 Nxa4 12. Qxa4 Bd5 13. Qc2 a4 14. Bd2 Qd7 15. Bc3 Rfd8 16. Rac1 1/2-1/2

[Event "Thüringenliga 2024/25"]
[Site "?"]
[Date "2024.12.08"]
[Round "4.8"]
[White "Bodling, Florian"]
[Black "Franke, Nico"]
[Result "1/2-1/2"]
[WhiteElo "1699"]
[BlackElo "1464"]
[PlyCount "35"]
[EventDate "2024.09.15"]
[EventType "team-tourn"]
[EventRounds "9"]
[WhiteTeam "TSG Apolda"]
[BlackTeam "SV 1861 Liebschwitz"]

1. d4 d5 2. Nf3 Nf6 3. e3 e6 4. Bd3 c5 5. b3 Be7 6. O-O O-O 7. Bb2 Nc6 8. Nbd2 Bd7 9. a3 Re8 10. Ne5 cxd4 11. exd4 Bd6 12. f4 Bf8 13. Ndf3 h6 14. Qe2 Nh5 15. Nxc6 Bxc6 16. Ne5 Nf6 17. Rae1 Nd7 18. Qh5 1/2-1/2

[Event "Thüringenliga 2024/25"]
[Site "?"]
[Date "2024.12.08"]
[Round "4.1"]
[White "Hoffmann, Tim"]
[Black "Zehnter, Sebastian"]
[Result "0-1"]
[WhiteElo "2139"]
[BlackElo "2280"]
[PlyCount "62"]
[EventDate "2024.09.15"]
[EventType "team-tourn"]
[EventRounds "9"]
[WhiteTeam "ESV Gera"]
[BlackTeam "Ilmenauer SV"]

1. e4 e5 2. Nf3 Nc6 3. Bc4 Nf6 4. d3 Be7 5. O-O O-O 6. Re1 d6 7. a4 Na5 8. Ba2 c5 9. c3 a6 10. d4 Qc7 11. Bg5 c4 12. b4 cxb3 13. Bxb3 Nxb3 14. Qxb3 Be6 15. d5 Bd7 16. c4 h6 17. Bc1 Rfc8 18. Nfd2 Be8 19. Ba3 Nd7 20. Ra2 Rab8 21. a5 Nc5 22. Qc3 Na4 23. Qe3 Qxa5 24. Nb3 Qc7 25. N1d2 b5 26. Rc1 b4 27. Bb2 Nxb2 28. Rxb2 a5 29. Ra1 a4 30. Nc1 Bg5 31. Qe2 b3 0-1

[Event "Thüringenliga 2024/25"]
[Site "?"]
[Date "2024.12.08"]
[Round "4.3"]
[White "Liebold, Aaron"]
[Black "Geißhirt, Marco"]
[Result "1-0"]
[WhiteElo "2130"]
[BlackElo "1985"]
[PlyCount "145"]
[EventDate "2024.09.15"]
[EventType "team-tourn"]
[EventRounds "9"]
[WhiteTeam "ESV Gera"]
[BlackTeam "Ilmenauer SV"]

1. e4 e6 2. d4 d5 3. Nd2 Nf6 4. e5 Nfd7 5. Bd3 c5 6. c3 Nc6 7. Ne2 c4 8. Bc2 b5 9. O-O a5 10. f4 g6 11. Nf3 h5 12. Ng5 Nb6 13. g4 hxg4 14. Ng3 Ne7 15. Qxg4 Nf5 16. Nxf5 exf5 17. Qg2 Be7 18. Bd2 Bxg5 19. fxg5 Be6 20. Qg3 Qe7 21. h4 Kd7 22. Kf2 b4 23. Rh1 bxc3 24. Bxc3 Kc7 25. Rh2 a4 26. a3 Qd7 27. Rah1 Nc8 28. Bb4 Ne7 29. Bd6+ Kb7 30. Bc5 Nc6 31. Kf3 Na5 32. Qe1 Qb5 33. Qb4 Qxb4 34. Bxb4 Nb3 35. Bc3 Rh5 36. Kf4 Rah8 37. Bd1 R5h7 38. h5 gxh5 39. Bc2 Kc6 40. Bxf5 Bxf5 41. Kxf5 Kd7 42. Kf6 h4 43. Rf1 h3 44. e6+ fxe6 45. g6 Re7 46. g7 Rg8 47. Rg1 Ke8 48. Rxh3 Rf7+ 49. Kxe6 Re7+ 50. Kxd5 Rgxg7 51. Rxg7 Rxg7 52. Kxc4 Kd7 53. Kb4 Rg4 54. Kxa4 Nc5+ 55. Kb5 Ne6 56. a4 Nc7+ 57. Kc4 Kc6 58. Rh6+ Kb7 59. b4 Rg1 60. b5 Rb1 61. d5 Na8 62. a5 Nc7 63. b6 Na8 64. Rh7+ Kb8 65. Be5+ Kc8 66. b7+ Rxb7 67. Rxb7 Kxb7 68. Kc5 Ka6 69. d6 Kb7 70. d7 Nc7 71. Bxc7 Kxc7 72. a6 Kxd7 73. a7 1-0

[Event "Thüringenliga 2024/25"]
[Site "?"]
[Date "2024.12.08"]
[Round "4.4"]
[White "Eichenauer, Pascal"]
[Black "Helmsdorf, Marius"]
[Result "1-0"]
[WhiteElo "2062"]
[BlackElo "2009"]
[PlyCount "47"]
[EventDate "2024.09.15"]
[EventType "team-tourn"]
[EventRounds "9"]
[WhiteTeam "Ilmenauer SV"]
[BlackTeam "ESV Gera"]

1. d4 d5 2. c4 dxc4 3. e4 b5 4. a4 c6 5. axb5 cxb5 6. Nc3 Qb6 7. b3 e6 8. bxc4 Bb4 9. Bd2 bxc4 10. Bxc4 Ne7 11. Nf3 O-O 12. O-O a5 13. d5 Rd8 14. Qb3 Na6 15. Na4 Qd6 16. e5 Qb8 17. Bxb4 Qxb4 18. dxe6 fxe6 19. Bxe6+ Kh8 20. Ng5 Rf8 21. Qd3 g6 22. Bxc8 Rfxc8 23. Qh3 h5 24. Qe6 1-0

[Event "Thüringenliga 2024/25"]
[Site "?"]
[Date "2024.12.08"]
[Round "4.5"]
[White "Puschendorf, Steffen"]
[Black "Nowak, Thomas"]
[Result "1-0"]
[WhiteElo "1970"]
[BlackElo "2010"]
[PlyCount "119"]
[EventDate "2024.09.15"]
[EventType "team-tourn"]
[EventRounds "9"]
[WhiteTeam "ESV Gera"]
[BlackTeam "Ilmenauer SV"]

1. d4 Nf6 2. c4 e6 3. g3 d5 4. Nf3 c6 5. Bg2 Be7 6. O-O O-O 7. Nbd2 Nbd7 8. Qc2 b6 9. e4 Bb7 10. Rd1 Rc8 11. b3 Qc7 12. e5 Ne8 13. Bb2 b5 14. c5 a5 15. a3 g6 16. Nf1 Ng7 17. Re1 Ra8 18. Bc1 Ba6 19. Qd2 Rfb8 20. Qh6 Qd8 21. g4 b4 22. a4 f6 23. exf6 Bxf6 24. Bf4 Rc8 25. Rad1 Nf8 26. Re3 Ne8 27. g5 Bg7 28. Qh4 Ra7 29. Bh3 Re7 30. Rde1 Qd7 31. Bg4 Rd8 32. N1d2 Bc8 33. Qg3 Bh8 34. Kg2 Ng7 35. Bd6 Ree8 36. Ne5 Qb7 37. h4 Nd7 38. Ndf3 Nf8 39. Rh1 Nf5 40. Bxf5 exf5 41. h5 Re6 42. Qh4 gxh5 43. Bxf8 Rxf8 44. Qxh5 Qg7 45. Ree1 f4 46. Nd3 Qg6 47. Rxe6 Qxh5 48. Rxh5 Bxe6 49. Nde5 Bxe5 50. Nxe5 f3+ 51. Kg3 Kg7 52. Nxc6 Kg6 53. Rh6+ Kf5 54. Ne7+ Ke4 55. Rxe6+ Kxd4 56. c6 Kc3 57. c7 Kxb3 58. c8=Q Rxc8 59. Nxc8 Kxa4 60. Rh6 1-0

[Event "Thüringenliga 2024/25"]
[Site "?"]
[Date "2024.12.08"]
[Round "4.6"]
[White "Ortlepp, Steffen"]
[Black "Kupper, Matthias"]
[Result "1/2-1/2"]
[WhiteElo "1823"]
[BlackElo "1748"]
[PlyCount "28"]
[EventDate "2024.09.15"]
[EventType "team-tourn"]
[EventRounds "9"]
[WhiteTeam "Ilmenauer SV"]
[BlackTeam "ESV Gera"]

1. e4 c5 2. Nf3 Nc6 3. d4 cxd4 4. Nxd4 Nf6 5. Nc3 d6 6. Be2 g6 7. Be3 Bg7 8. Qd2 O-O 9. O-O-O Nxd4 10. Bxd4 Be6 11. h4 Qa5 12. a3 Rfc8 13. Bxf6 Bxf6 14. Nd5 Qxd2+ 1/2-1/2

[Event "Thüringenliga 2024/25"]
[Site "?"]
[Date "2024.12.08"]
[Round "4.7"]
[White "Hanmuradov, Ülwi"]
[Black "Schenk, Stefan"]
[Result "0-1"]
[WhiteElo "1681"]
[BlackElo "1890"]
[PlyCount "74"]
[EventDate "2024.09.15"]
[EventType "team-tourn"]
[EventRounds "9"]
[WhiteTeam "ESV Gera"]
[BlackTeam "Ilmenauer SV"]

1. d4 Nf6 2. c4 e6 3. Nf3 c5 4. d5 exd5 5. cxd5 d6 6. Nc3 g6 7. h3 Bg7 8. e4 O-O 9. Be2 b5 10. Nxb5 Nxe4 11. O-O Ba6 12. Na3 Bxe2 13. Qxe2 Re8 14. Qd3 Nd7 15. Re1 Nef6 16. Bf4 Nb6 17. Rxe8+ Nxe8 18. Rb1 Nc7 19. Nc4 Ncxd5 20. Nxb6 Nxf4 21. Qe4 Nxh3+ 22. gxh3 axb6 23. Qd5 Ra7 24. b4 Qa8 25. Qxa8+ Rxa8 26. bxc5 bxc5 27. Rd1 Bf8 28. Rd2 f6 29. Kf1 Kf7 30. Ke2 Ke6 31. Ne1 d5 32. Nd3 Bd6 33. Rb2 c4 34. Ne1 d4 35. Nf3 Bc5 36. Ne1 Kd5 37. Nf3 Ra3 0-1

[Event "Thüringenliga 2024/25"]
[Site "?"]
[Date "2024.12.08"]
[Round "4.8"]
[White "Lehmann, Joachim"]
[Black "Hilbig, Dieter"]
[Result "0-1"]
[WhiteElo "1810"]
[BlackElo "1820"]
[PlyCount "58"]
[EventDate "2024.09.15"]
[EventType "team-tourn"]
[EventRounds "9"]
[WhiteTeam "Ilmenauer SV"]
[BlackTeam "ESV Gera"]

1. d4 d5 2. Nc3 Nf6 3. Bf4 c6 4. Qd2 Bf5 5. f3 e6 6. g4 Bg6 7. h4 h6 8. e3 Bd6 9. Nh3 Qc7 10. Bd3 Bxd3 11. Qxd3 Nbd7 12. O-O-O e5 13. dxe5 Bxe5 14. b3 Qa5 15. Nb1 O-O-O 16. Bxe5 Nxe5 17. Qf5+ Ned7 18. Kb2 Rhe8 19. Rhe1 Re5 20. Qd3 Rde8 21. Nf2 Qb6 22. g5 hxg5 23. hxg5 Rxe3 24. Rxe3 Rxe3 25. Qd4 Qxd4+ 26. Rxd4 Rxf3 27. gxf6 Rxf2 28. fxg7 Rg2 29. Nd2 Ne5 0-1

[Event "Thüringenliga 2024/25"]
[Site "?"]
[Date "2024.12.08"]
[Round "4.1"]
[White "Aniol, Adrian"]
[Black "Bock, Marlon"]
[Result "1/2-1/2"]
[WhiteElo "1960"]
[BlackElo "2059"]
[PlyCount "63"]
[EventDate "2024.09.15"]
[EventType "team-tourn"]
[EventRounds "9"]
[WhiteTeam "VfL 1990 Gera"]
[BlackTeam "SSV Vimaria 91 Weimar"]

1. e4 c5 2. c3 Nf6 3. e5 Nd5 4. Nf3 Nc6 5. d4 cxd4 6. cxd4 d6 7. Nc3 dxe5 8. dxe5 Nxc3 9. Qxd8+ Nxd8 10. bxc3 Nc6 11. Rb1 g6 12. Bb5 Bd7 13. Nd4 Bg7 14. f4 Nxd4 15. cxd4 b6 16. Ba3 Rc8 17. Kd2 Bh6 18. g3 Bxb5 19. Rxb5 Rc4 20. Rb4 Rxb4 21. Bxb4 e6 22. Rc1 Kd7 23. Bd6 Rc8 24. Rxc8 Kxc8 25. h4 Kd7 26. Kc3 Kc6 27. Kc4 f5 28. a4 a6 29. d5+ exd5+ 30. Kd4 Bg7 31. Ba3 Bh6 32. Bd6 1/2-1/2

[Event "Thüringenliga 2024/25"]
[Site "?"]
[Date "2024.12.08"]
[Round "4.2"]
[White "Philipp, Mathias"]
[Black "Seidens, Gunter"]
[Result "1-0"]
[WhiteElo "2208"]
[BlackElo "1929"]
[PlyCount "33"]
[EventDate "2024.09.15"]
[EventType "team-tourn"]
[EventRounds "9"]
[WhiteTeam "SSV Vimaria 91 Weimar"]
[BlackTeam "VfL 1990 Gera"]

1. d4 d5 2. c4 e6 3. Nc3 Nf6 4. cxd5 exd5 5. Bg5 Be7 6. e3 O-O 7. Bd3 Re8 8. Qc2 Nbd7 9. Nge2 Nf8 10. O-O h6 11. Bh4 c6 12. f3 N6h7 13. Bf2 c5 14. dxc5 Bxc5 15. Rad1 Bxe3 16. Bxe3 Rxe3 17. Nxd5 1-0

[Event "Thüringenliga 2024/25"]
[Site "?"]
[Date "2024.12.08"]
[Round "4.3"]
[White "Huster, Mike"]
[Black "Aepfler, Christian"]
[Result "1/2-1/2"]
[WhiteElo "1932"]
[BlackElo "2112"]
[PlyCount "67"]
[EventDate "2024.09.15"]
[EventType "team-tourn"]
[EventRounds "9"]
[WhiteTeam "VfL 1990 Gera"]
[BlackTeam "SSV Vimaria 91 Weimar"]

1. d4 d5 2. Nf3 Nf6 3. c4 e6 4. g3 Be7 5. Bg2 O-O 6. O-O dxc4 7. Qc2 a6 8. Qxc4 b5 9. Qc2 Bb7 10. Nbd2 Nbd7 11. b3 Rc8 12. Bb2 c5 13. Qd3 cxd4 14. Bxd4 Nc5 15. Qb1 Nce4 16. Qb2 Qa5 17. a3 Nxd2 18. Nxd2 Bxg2 19. Kxg2 Rc6 20. b4 Qc7 21. Rfc1 Rc8 22. Nb3 Qd7 23. f3 Qd5 24. Bc5 Bxc5 25. Rxc5 Rxc5 26. Nxc5 Qa8 27. a4 Qc6 28. axb5 axb5 29. Ra6 Qe8 30. e4 Nd7 31. Qd4 Nb8 32. Rb6 Nc6 33. Qd7 Qxd7 34. Nxd7 1/2-1/2

[Event "Thüringenliga 2024/25"]
[Site "?"]
[Date "2024.12.08"]
[Round "4.4"]
[White "Philipp, Michael"]
[Black "Aniol, Nico"]
[Result "1/2-1/2"]
[WhiteElo "2033"]
[BlackElo "1983"]
[PlyCount "51"]
[EventDate "2024.09.15"]
[EventType "team-tourn"]
[EventRounds "9"]
[WhiteTeam "SSV Vimaria 91 Weimar"]
[BlackTeam "VfL 1990 Gera"]

1. e4 c5 2. Nf3 Nc6 3. c3 d5 4. exd5 Qxd5 5. d4 Bg4 6. Be2 e6 7. O-O Nf6 8. h3 Bh5 9. Be3 cxd4 10. cxd4 Be7 11. Nc3 Qd7 12. Qb3 O-O 13. Rfd1 Na5 14. Qc2 Bg6 15. Bd3 Bxd3 16. Rxd3 Nd5 17. Ne5 Nb4 18. Qe2 Qc7 19. Nb5 Qd8 20. Rd2 a6 21. Nc3 Nd5 22. Ne4 Rc8 23. Rc2 Rxc2 24. Qxc2 Nb4 25. Qe2 Nac6 26. Nxc6 1/2-1/2

[Event "Thüringenliga 2024/25"]
[Site "?"]
[Date "2024.12.08"]
[Round "4.5"]
[White "Schönfeld, Volker"]
[Black "Riedel, Finn"]
[Result "1/2-1/2"]
[WhiteElo "1827"]
[BlackElo "1994"]
[PlyCount "33"]
[EventDate "2024.09.15"]
[EventType "team-tourn"]
[EventRounds "9"]
[WhiteTeam "VfL 1990 Gera"]
[BlackTeam "SSV Vimaria 91 Weimar"]

1. e4 e5 2. Nc3 Nc6 3. Bc4 Nf6 4. Nf3 Nxe4 5. Nxe4 d5 6. Bd3 dxe4 7. Bxe4 Bd6 8. O-O O-O 9. h3 h6 10. c3 f5 11. Bd5+ Kh8 12. d3 Qf6 13. Qa4 Ne7 14. Bb3 f4 15. Re1 Bf5 16. Bc2 Rad8 17. d4 1/2-1/2

[Event "Thüringenliga 2024/25"]
[Site "?"]
[Date "2024.12.08"]
[Round "4.6"]
[White "Homberger, Jan"]
[Black "Pekrul, Jürgen"]
[Result "1-0"]
[WhiteElo "1908"]
[BlackElo "1821"]
[PlyCount "93"]
[EventDate "2024.09.15"]
[EventType "team-tourn"]
[EventRounds "9"]
[WhiteTeam "SSV Vimaria 91 Weimar"]
[BlackTeam "VfL 1990 Gera"]

1. Nf3 d5 2. g3 g6 3. d4 Bg7 4. Bg2 Nf6 5. O-O O-O 6. c4 c6 7. Nc3 dxc4 8. a4 Nd5 9. e3 b6 10. Ne5 Bxe5 11. Nxd5 cxd5 12. dxe5 e6 13. b3 cxb3 14. Qxb3 Ba6 15. Rd1 Nc6 16. e4 Bc4 17. Qc3 Rc8 18. h4 Qc7 19. Bh6 Rfe8 20. f4 Be2 21. exd5 Bxd1 22. d6 Qd7 23. Rxd1 Ne7 24. Qf3 Nf5 25. Bg5 Qxa4 26. d7 Nxg3 27. Kh2 Nf5 28. h5 Red8 29. dxc8=Q Rxc8 30. Qc6 Qxc6 31. Bxc6 h6 32. Rd8+ Rxd8 33. Bxd8 Nd4 34. Be4 gxh5 35. Kg3 Ne2+ 36. Kf3 Nc3 37. Bc6 Kg7 38. Bc7 Nd5 39. Bxd5 exd5 40. f5 b5 41. Ba5 d4 42. Kg3 d3 43. Kh4 Kh8 44. Kxh5 Kg7 45. Bb4 Kh7 46. Bd2 a6 47. Ba5 1-0

[Event "Thüringenliga 2024/25"]
[Site "?"]
[Date "2024.12.08"]
[Round "4.7"]
[White "Drechsel, Uwe"]
[Black "Gulich, Christian"]
[Result "1-0"]
[WhiteElo "1843"]
[BlackElo "1911"]
[PlyCount "69"]
[EventDate "2024.09.15"]
[EventType "team-tourn"]
[EventRounds "9"]
[WhiteTeam "VfL 1990 Gera"]
[BlackTeam "SSV Vimaria 91 Weimar"]

1. e4 c5 2. Nf3 d6 3. d4 cxd4 4. Nxd4 Nf6 5. Nc3 g6 6. Be2 Bg7 7. O-O Nc6 8. Be3 O-O 9. Qd2 Ng4 10. Nxc6 bxc6 11. Bg5 Rb8 12. Rab1 Qc7 13. h3 Nf6 14. Rfd1 Bb7 15. Be3 a5 16. Bh6 d5 17. Bxg7 Kxg7 18. exd5 cxd5 19. Bf3 e6 20. Nb5 Qc5 21. a4 Rfc8 22. c3 Ba6 23. b4 Qb6 24. Nd4 Bc4 25. b5 Nd7 26. Nc6 Ra8 27. Re1 Qc5 28. Bd1 Nb6 29. Bc2 Rc7 30. h4 h5 31. Qf4 Rcc8 32. g4 hxg4 33. h5 d4 34. h6+ Kh7 35. Qxf7+ 1-0

[Event "Thüringenliga 2024/25"]
[Site "?"]
[Date "2024.12.08"]
[Round "4.8"]
[White "Kölpin, Arvid"]
[Black "Richter, Sven"]
[Result "1-0"]
[WhiteElo "1912"]
[BlackElo "1919"]
[PlyCount "31"]
[EventDate "2024.09.15"]
[EventType "team-tourn"]
[EventRounds "9"]
[WhiteTeam "SSV Vimaria 91 Weimar"]
[BlackTeam "VfL 1990 Gera"]

1. d4 Nf6 2. Nf3 g6 3. Nc3 d5 4. Bf4 Bg7 5. h3 O-O 6. e3 c6 7. Bd3 Nfd7 8. e4 dxe4 9. Nxe4 c5 10. dxc5 Bxb2 11. Rb1 Qa5+ 12. Bd2 Qxa2 13. Nc3 Qe6+ 14. Be2 Bxc3 15. Bxc3 Nxc5 16. Qd4 1-0

[Event "Thüringenliga 2024/25"]
[Site "?"]
[Date "2024.12.08"]
[Round "4.1"]
[White "Zipfel, Frank"]
[Black "Junge, Mattheo Gabriel"]
[Result "1-0"]
[WhiteElo "2005"]
[BlackElo "1874"]
[PlyCount "53"]
[EventDate "2024.09.15"]
[EventType "team-tourn"]
[EventRounds "9"]
[WhiteTeam "fuß brothers Jena"]
[BlackTeam "SV Schott Jena"]

1. e4 c6 2. d4 d5 3. exd5 cxd5 4. Bd3 Nc6 5. c3 Nf6 6. Bf4 Bg4 7. Qb3 e5 8. Bxe5 Ne4 9. Qxb7 Rc8 10. Bb5 Bd7 11. Nf3 f6 12. Bf4 g5 13. Bc1 Nd6 14. Qa6 Nxb5 15. Qxb5 Nb4 16. Qe2+ Kf7 17. O-O Nc6 18. Nbd2 Bd6 19. Nb3 Qc7 20. Nxg5+ fxg5 21. Qh5+ Kg7 22. Qxg5+ Kf7 23. Qxd5+ Be6 24. Qh5+ Kf8 25. Bh6+ Kg8 26. Qg5+ Kf7 27. Qg7+ 1-0

[Event "Thüringenliga 2024/25"]
[Site "?"]
[Date "2024.12.08"]
[Round "4.2"]
[White "Schlick, Stefan"]
[Black "Latka, Richard"]
[Result "1/2-1/2"]
[WhiteElo "2021"]
[BlackElo "1903"]
[PlyCount "82"]
[EventDate "2024.09.15"]
[EventType "team-tourn"]
[EventRounds "9"]
[WhiteTeam "SV Schott Jena"]
[BlackTeam "fuß brothers Jena"]

1. d4 Nf6 2. c4 g6 3. Nc3 d5 4. Nf3 Bg7 5. e3 O-O 6. b4 Bf5 7. Qb3 c6 8. a4 Ne4 9. Ba3 Re8 10. Be2 Nxc3 11. Qxc3 Nd7 12. cxd5 cxd5 13. Qb3 e5 14. Bb2 Rc8 15. O-O Nb6 16. Rac1 Nc4 17. dxe5 Nxb2 18. Rxc8 Qxc8 19. Qxb2 Bg4 20. Qd4 Bxf3 21. Bxf3 b6 22. Bxd5 Bxe5 23. Qd3 Qg4 24. Qb3 Re7 25. Rd1 Rc7 26. g3 Kg7 27. Bg2 Qe2 28. Bf1 Qf3 29. Bg2 Qe2 30. Qd5 Bf6 31. Bf1 Qc2 32. e4 Re7 33. Bg2 Qxa4 34. f4 Bc3 35. b5 Bb4 36. Qd4+ f6 37. Qd3 Bc5+ 38. Kh1 Qa2 39. h3 Qf2 40. Rf1 Qb2 41. Rb1 Qf2 1/2-1/2

[Event "Thüringenliga 2024/25"]
[Site "?"]
[Date "2024.12.08"]
[Round "4.3"]
[White "Wicklein, Stefan"]
[Black "Abou Wally, Adrian"]
[Result "1/2-1/2"]
[WhiteElo "1940"]
[BlackElo "1984"]
[PlyCount "27"]
[EventDate "2024.09.15"]
[EventType "team-tourn"]
[EventRounds "9"]
[WhiteTeam "fuß brothers Jena"]
[BlackTeam "SV Schott Jena"]

1. d4 Nf6 2. c4 g6 3. g3 Bg7 4. Bg2 d5 5. cxd5 Nxd5 6. Nf3 O-O 7. O-O Nc6 8. Nc3 Nb6 9. e3 Na5 10. Qe2 Be6 11. b3 c5 12. Rd1 Qc8 13. Bb2 Rd8 14. dxc5 1/2-1/2

[Event "Thüringenliga 2024/25"]
[Site "?"]
[Date "2024.12.08"]
[Round "4.4"]
[White "Dreyer, Michael"]
[Black "Wolf, Jonas"]
[Result "1/2-1/2"]
[WhiteElo "1977"]
[BlackElo "1885"]
[PlyCount "33"]
[EventDate "2024.09.15"]
[EventType "team-tourn"]
[EventRounds "9"]
[WhiteTeam "SV Schott Jena"]
[BlackTeam "fuß brothers Jena"]

1. e4 e6 2. d4 d5 3. e5 c5 4. c3 Nc6 5. Nf3 Qb6 6. Be2 cxd4 7. cxd4 Nge7 8. Nc3 Nf5 9. Bb5 Bd7 10. Bxc6 bxc6 11. O-O c5 12. Na4 Qa5 13. Nxc5 Bxc5 14. dxc5 Qxc5 15. Bd2 O-O 16. b4 Qb6 17. a3 1/2-1/2

[Event "Thüringenliga 2024/25"]
[Site "?"]
[Date "2024.12.08"]
[Round "4.5"]
[White "Richter, Sebastian"]
[Black "Jung, Florian"]
[Result "0-1"]
[WhiteElo "1857"]
[BlackElo "1960"]
[PlyCount "62"]
[EventDate "2024.09.15"]
[EventType "team-tourn"]
[EventRounds "9"]
[WhiteTeam "fuß brothers Jena"]
[BlackTeam "SV Schott Jena"]

1. e4 c5 2. Be2 Nc6 3. f4 e6 4. Nf3 d6 5. O-O g6 6. c3 Bg7 7. d3 Nge7 8. Be3 O-O 9. d4 cxd4 10. cxd4 d5 11. e5 Nf5 12. Bf2 h5 13. Nc3 a6 14. Rc1 f6 15. h3 fxe5 16. dxe5 d4 17. Na4 Bh6 18. g4 hxg4 19. hxg4 Bxf4 20. gxf5 Rxf5 21. Nh4 Rg5+ 22. Kh1 Nxe5 23. Rc5 b5 24. Bf3 Ra7 25. Nb6 Rc7 26. Rxc7 Qxc7 27. Nxc8 Qxc8 28. Qxd4 Nxf3 29. Nxf3 Rh5+ 30. Bh4 e5 31. Qg1 Rxh4+ 0-1

[Event "Thüringenliga 2024/25"]
[Site "?"]
[Date "2024.12.08"]
[Round "4.6"]
[White "Bönisch, Julian"]
[Black "Latka, Robert"]
[Result "1-0"]
[WhiteElo "1843"]
[BlackElo "1890"]
[PlyCount "81"]
[EventDate "2024.09.15"]
[EventType "team-tourn"]
[EventRounds "9"]
[WhiteTeam "SV Schott Jena"]
[BlackTeam "fuß brothers Jena"]

1. Nf3 Nf6 2. g3 g6 3. Bg2 Bg7 4. O-O d5 5. d3 O-O 6. Nbd2 c5 7. e4 Nc6 8. c3 e6 9. h3 b6 10. Qa4 Bb7 11. e5 Nd7 12. d4 a6 13. a3 b5 14. Qc2 Qb6 15. Qd3 a5 16. Re1 b4 17. Nf1 Ba6 18. Qe3 Rfc8 19. Qf4 bxc3 20. Ng5 cxb2 21. Qxf7+ Kh8 22. Nxe6 Rg8 23. Bxb2 Ra7 24. Bxd5 Ndxe5 25. Qf4 Nd3 26. Qd2 Ne7 27. Rab1 Nxd5 28. dxc5 Qc6 29. Nxg7 Nxb2 30. Rxb2 Raxg7 31. Rd1 Bb7 32. Rxb7 Rxb7 33. Qxd5 Qxd5 34. Rxd5 Rb3 35. c6 Rxa3 36. c7 a4 37. Ne3 Rc3 38. Rd7 a3 39. Nd5 Rc1+ 40. Kg2 a2 41. Nf6 1-0